| 000 | 00577nam a2200181Ia 4500 | ||
|---|---|---|---|
| 003 | GCL | ||
| 008 | 140319s9999 xx 000 0 ara d | ||
| 040 |
_aGCL / _cGCL |
||
| 082 | 0 | 4 |
_a330.1543 _bم م |
| 100 | 1 | _aمحمد غرس الدين | |
| 245 | 1 | 0 |
_aمدخل الى الاقتصاد الرياضى / _cمحمد غرس الدين |
| 700 | 1 | _aياسر محمد جادالله | |
| 300 |
_a255 ص ؛ _c24 سم |
||
| 650 | 0 | 4 | _aالتحليل الاقتصادى |
| 650 | 0 | 4 | _aالاقتصاد التحليلى |
| 650 | 0 | 4 | _aالاقتصاد الرياضى |
| 942 |
_2ddc _cBK |
||
| 999 |
_c6179 _d6179 |
||